Normale Ansicht MARC-Ansicht ISBD

Die Entstehung der "Bourses du Travail" : (Titelsatznr. 2851)

[ MARC ]
MARC-Details
000 -Satzkennung
Kontrollfeld mit fester Länge 00773nam a22002411c 4500
001 - Kontrollnummer
Kontrollfeld a987684297
008 - Feld mit fester Länge zur physischen Beschreibung - Allgemeine Angaben
Kontrollfeld mit fester Länge 060211s1982 gw |||| 000u ger d
020 ## - Internationale Standardbuchnummer
Internationale Standardbuchnummer 3593330458
Verknüpfung 3-593-33045-8
041 ## - Sprachcode
Sprachcode des Textes/der Tonspur oder des separaten Titels ger
040 ## - Katalogisierungsquelle
Übertragungsstelle RU-10907106
003 - Kontrollnummer Identifier
Kontrollfeld RU-10907106
100 1# - Haupteintragung - Personenname
Personenname Schöttler, Peter
245 04 - Titel
Titel Die Entstehung der "Bourses du Travail" :
Zusatz zum Titel Sozialpolitik und französischer Syndikalismus am Ende des 19. Jahrhunderts /
Verfasserangabe etc. Peter Schöttler
264 ## - Produktion, Veröffentlichung, Distribution, Herstellung und Urheberrechtsvermerk
Herstellungs-, Veröffentlichungs- Vertriebs-, Erzeugungsort Frankfurt [u.a.] :
Produzent, Herausgeber, Distributor, Hersteller Campus,
Datum der Herstellung, der Veröffentlichung, des Vertriebs oder des Urheberschutzvermerks 1982
300 ## - Physische Beschreibung
Umfang 300 S. : graph. Darst + Kt., Tab
490 #0 - Gesamttitelangabe
Gesamttitelangabe Campus-Forschung
Bandnummer/Folgebezeichnung 255
502 ## - Dissertationsvermerk
Dissertationsvermerk Zugl. überarb. Fass. d. Diss. Univ. Bremen 1978
650 #0 - Nebeneintragung unter einem Schlagwort - Sachschlagwort
Sachschlagwort oder geografischer Name als Eintragungselement Frankreich
650 #0 - Nebeneintragung unter einem Schlagwort - Sachschlagwort
Sachschlagwort oder geografischer Name als Eintragungselement Arbeitsbörse
650 #0 - Nebeneintragung unter einem Schlagwort - Sachschlagwort
Sachschlagwort oder geografischer Name als Eintragungselement Sozialpolitik
655 #0 - Indexierungsterm - Genre/Form
Genre/Form oder fokussierter Term Hochschulschrift
942 ## - Zusätzliche Felder (Koha)
Koha-Medientyp Monographien
Exemplare
Ausgeschieden Verloren Klassifikation oder Aufstellungssystematik Beschädigt Nicht entleihbar Heimatbibliothek Aufenthaltsbibliothek Aufstellungsort Erwerbungsdatum Inventarnummer Signatur Barcode Letzte Aktivität Preis gültig von Koha-Medientyp
    Andere/Generische Klassifikation     MWN Osteuropa MWN Osteuropa Lesesaal - 1 11/02/2006 06-01357 W 54 D d Schöt E004015078F6B919 22/02/2021 22/03/2021 Monographien